Midsummer's eve /

Bibliographic Details
Main Author: Carr, Philippa, 1906-1993
Format: Book
Language:English
Published: New York : Putnam, [1986]

MARC

Tag First Indicator Second Indicator Subfields
LEADER 00000cam a22000008a 4500
001 in00000410086
005 20151012051904.0
008 860131s1986 nyu 00011 eng
010 |a  86000650  
020 |a 0399131485 :  |c $17.95 
035 |a (OCoLC)13156878 
035 |9 ABT8008AM 
039 0 |a 2  |b 3  |c 3  |d 3  |e 3 
040 |a DLC  |c DLC  |d TXA  |d UtOrBLW 
049 |a TXAM  |c [A09343915] 
050 0 0 |a PR6015.I3  |b M5 1986 
082 0 |a 823/.914  |2 19 
100 1 |a Carr, Philippa,  |d 1906-1993. 
245 1 0 |a Midsummer's eve /  |c Philippa Carr. 
264 1 |a New York :  |b Putnam,  |c [1986] 
264 4 |c ©1986 
300 |a 334 pages 
336 |a text  |b txt  |2 rdacontent 
337 |a unmediated  |b n  |2 rdamedia 
338 |a volume  |b nc  |2 rdacarrier 
999 |a MARS 
999 f f |s 01fa4839-4c3e-3e20-a8b6-97950dd94d0a  |i 102ad48c-a134-352d-a5fc-6eb56d0d5083  |t 0 
952 f f |p ric  |a Texas A&M University  |b Rellis Campus  |c Joint Library Facility  |d Remote Storage  |t 0  |e PR6015.I3 M5 1986  |h Library of Congress classification  |i unmediated -- volume  |m A14809343915 
998 f f |a PR6015.I3 M5 1986  |t 0  |l Remote Storage